000 00920nam a2200253Ia 4500
003 OSt
005 20220923224850.0
006 a|||||r|||| 00| 0
007 ta
008 220922b |||||||| |||| 00| 0 hin d
024 _a252,597
037 _cTextual
040 _aARTS
_cARTS
_bhin
041 _2hin
_ahin
082 _aO152,2:g(Y), K3
100 _aझा 'श्याम', सीताराम
_9168250
245 0 _aहिंदी नाटक
_b समाजशास्त्रीय अध्ययन
246 _aHiandī nāṭaka: samājashāstrīya adhyayana
260 _aपटना
_b बिहार हिंदी ग्रंथ अकादमी
_c1963
300 _a392पृ.
_ccm.
650 _aहिन्दी साहित्य
_9156264
942 _hO152,2:g(Y), K3
_cTEXL
_2CC
999 _c374229
_d374229